|
|
|
|
| LEADER |
00000cam a2200000 7i4500 |
| 001 |
0000002408 |
| 005 |
20030606.0 |
| 020 |
0 |
0 |
|a 3540132848
|
| 090 |
0 |
0 |
|a 581.873
|b GLE 1984
|
| 100 |
1 |
0 |
|a GLEBA
|h Y. Y.
|
| 245 |
1 |
0 |
|a Protoplast fusion :
|b genetic engineering in higher plants
|c Y. Y. Gleba, K. M Sytnik; edited by R. Shoeman
|
| 260 |
0 |
0 |
|a Berlin :
|b Springer-Verlag ,
|c 1984
|
| 300 |
|
|
|a ix, 220 p. :
|b ill. ;
|c 25 cm.
|
| 440 |
0 |
0 |
|a Monographs on theoretical and applied genetics, 8
|
| 500 |
0 |
0 |
|a Includes bibliographical references : p. 189-209 and index
|
| 650 |
0 |
0 |
|a Plant genetic engineering
|
| 650 |
0 |
0 |
|a Plant protoplasts
|
| 650 |
0 |
0 |
|a Somatic hybrids
|
| 700 |
0 |
1 |
|a Shoeman
|h R.
|
| 700 |
0 |
1 |
|a SYTNIK
|h K. M.
|
| 998 |
|
|
|a JPSM
|
| 999 |
|
|
|a 0000004236
|b Monograph
|c Open Shelf
|e Default branch
|